Guess the song : The Weeknd - Statistics

General Stats
  • This quiz has been taken 39 times
  • The average score is 74 of 202
Answer Stats
Answer % Correct
I
96%
a
88%
you
85%
love
81%
can
77%
the
69%
me
65%
when
65%
do
58%
your
58%
my
54%
call
50%
hear
50%
of
42%
in
38%
in,
38%
It’s
38%
Oh
38%
oh
38%
with
38%
and
35%
for
35%
name
35%
All
31%
only
31%
see
31%
close
27%
heart?
27%
Where
27%
blow
23%
but
23%
myself
23%
then
23%
wind
23%
again
19%
been
19%
get
19%
keep
19%
never
19%
another
15%
easy
15%
even
15%
inside
15%
made
15%
old
15%
say
15%
skin
15%
start
15%
whisper
15%
would
15%
alive
12%
angels
12%
closed
12%
cold
12%
cover
12%
day
12%
ears
12%
Falling
12%
falling
12%
gold
12%
I’ve
12%
low
12%
open
12%
scars
12%
silver
12%
things
12%
through
12%
told
12%
window
12%
arms
8%
keeps
8%
limbo
8%
pulled
8%
Trapped
8%
halo
4%
soul
4%
Suffering
4%
No matching quizzes found
Score Distribution
Percent of People with Each Score
Percentile by Number Answered
Your Score History
You have not taken this quiz